「一回だけ使用されている文字」中部編 平成の大合併前版 - Statistics

General Stats
  • This quiz has been taken 110 times
  • The average score is 35 of 53
Answer Stats
文字 県名 解答欄 % Correct
新潟県 燕市
100%
新潟県 新発田市
99%
福井県 鯖江市
99%
福井県 敦賀市
98%
富山県 砺波市
96%
山梨県 山梨市
96%
静岡県 裾野市
94%
静岡県 袋井市
93%
愛知県 渥美町
93%
新潟県 見附市
92%
岐阜県 各務原市
92%
岐阜県 可児市
92%
石川県 羽咋市
91%
山梨県 身延町
91%
愛知県 設楽町
91%
愛知県 日進市
90%
愛知県 碧南市
87%
山梨県 忍野村
84%
静岡県 修善寺町
82%
長野県 戸隠村
79%
愛知県 扶桑町
79%
新潟県 頸城村
78%
岐阜県 坂祝町
78%
山梨県 小菅村
77%
長野県 売木村
77%
愛知県 飛島村
74%
新潟県 聖籠町
73%
山梨県 鰍沢町
70%
長野県 梓川村
70%
長野県 麻績村
68%
長野県 更埴市
67%
長野県 喬木村
67%
長野県 泰阜村
66%
岐阜県 御嵩町
64%
愛知県 額田町
61%
愛知県 西枇杷島町
54%
愛知県 甚目寺町
52%
愛知県 足助町
52%
長野県 望月町
50%
富山県 婦中町
47%
岐阜県 谷汲村
46%
愛知県 鳳来町
39%
愛知県 師勝町
33%
岐阜県 兼山町
32%
岐阜県 付知町
30%
岐阜県 糸貫町
28%
静岡県 雄踏町
28%
岐阜県 蛭川村
27%
岐阜県 武儀町
26%
福井県 越廼村
24%
石川県 押水町
23%
岐阜県 伊自良村
22%
新潟県 笹神村
17%
No matching quizzes found
Score Distribution
Percent of People with Each Score
Percentile by Number Answered
Your Score History
You have not taken this quiz